Studies in ancient Egypt, the Aegean, and the Sudan : essays in honor of Dows Dunham on the occasion of his 90th birthday, June 1, 1980 /

Bibliographic Details
Other Authors: Dunham, Dows, 1890-, Simpson, William Kelly, Davis, Whitney M.
Format: Book
Language:English
Published: Boston : Dept. of Egyptian and Ancient Near Eastern Art, Museum of Fine Arts, 1981.
Subjects:

MARC

Tag First Indicator Second Indicator Subfields
LEADER 00000cam a2200000 a 4500
001 in00000565521
005 20151014064222.0
008 810720s1981 maua b 01000 eng d
010 |a  80070968  
020 |a 0878461973 
035 |a (OCoLC)07598195 
035 |9 ACN5480AM 
040 |a HLS  |c HLS  |d m/c  |d TXA  |d UtOrBLW 
049 |a TXAM  |c 1 [A08974747], 2 [A10980372] 
090 |a DT57.5  |b .S78 1981 
245 0 0 |a Studies in ancient Egypt, the Aegean, and the Sudan :  |b essays in honor of Dows Dunham on the occasion of his 90th birthday, June 1, 1980 /  |c edited by William Kelly Simpson and Whitney M. Davis. 
264 1 |a Boston :  |b Dept. of Egyptian and Ancient Near Eastern Art, Museum of Fine Arts,  |c 1981. 
300 |a viii, 218 pages :  |b illustrations ;  |c 29 cm. 
336 |a text  |b txt  |2 rdacontent 
337 |a unmediated  |b n  |2 rdamedia 
338 |a volume  |b nc  |2 rdacarrier 
504 |a Includes bibliographical references. 
651 0 |a Egypt  |x Antiquities. 
600 1 0 |a Dunham, Dows,  |d 1890- 
700 1 |a Dunham, Dows,  |d 1890- 
700 1 |a Simpson, William Kelly. 
700 1 |a Davis, Whitney M. 
999 |a MARS 
999 f f |s 71d08b6e-4c95-3323-b951-bbb88f9b3d25  |i ca51531a-61d8-3af1-a079-9b1dd3a276ec  |t 0 
952 f f |p ric  |a Texas A&M University  |b Rellis Campus  |c Joint Library Facility  |d Remote Storage  |t 0  |e DT57.5 .S78 1981  |h Library of Congress classification  |i unmediated -- volume  |m A14808974747 
998 f f |a DT57.5 .S78 1981  |t 0  |l Remote Storage